000 00451nam a2200169Ia 4500
008 180921t2018 xxu||||| |||| 00| 1 sin d
041 _asin
080 _aX8C31
_bWIC
100 _aWickramarathna, Dilhani
245 _aනිම් නැති සිහිනේ
246 _aNim Nethi Sihine
260 _bShakya Publications
_aYakkala
_c2018
300 _a208p., 21cm
942 _cBK
999 _c8119
_d8119
003 LK-CoDNM
040 _aLK-CoDNM
_dLK-CoDNM
_eLK-CoDNM